| 000 | 00658cab a2200217 4500 | ||
|---|---|---|---|
| 001 | WB3437-07 | ||
| 008 | 090401t1998 xxu||||| |||| 00| 0 eng d | ||
| 035 | _a(Sirsi) u88809 | ||
| 041 | _aeng | ||
| 245 | _aHome shopping | ||
| 260 | _c1998 | ||
| 350 | _a0 | ||
| 490 |
_aFinancial Times _v2 October 1998, 9(1) |
||
| 520 | _aSomerfield is to become the latest supermarket chain to enter the home shopping market. A network of warehouses will be set up to handle orders. | ||
| 650 | _aHOME DELIVERY | ||
| 650 | _aHOME SHOPPING | ||
| 650 | _aSOMERFIELD | ||
| 690 | _aPROPERTY-COMMERCIAL PROPERTY-RETAIL PROPERTY | ||
| 942 | _n0 | ||
| 948 | _c02/10/1998 | ||
| 999 |
_c56157 _d56157 |
||